| 000 | 00830nam a22002297a 4500 | ||
|---|---|---|---|
| 001 | 54380 | ||
| 003 | UA-OsUOA | ||
| 005 | 20220125124351.0 | ||
| 007 | ta | ||
| 008 | 20080610b un ||||| |||| 00| 0 ukr d | ||
| 040 |
_aUA-OsUOA _bukr _cUA-OsUOA _dUA-OsUOA |
||
| 041 | _aukr | ||
| 080 | _a34:651.7 | ||
| 090 |
_a34:651.7 _bД63 |
||
| 245 |
_aДокази і доказування, межі надання правової допомоги в адміністративній справі працівниками суду _cВ. Самолюк, А. Філіп'єв, Д. Зінчук |
||
| 260 |
_aОстрог _bНаУОА _c2006 |
||
| 300 | _a35 с. | ||
| 650 | 7 |
_a34 Право. Юриспруденція _2UDC |
|
| 942 |
_cBK _2udc |
||
| 955 | _a2 | ||
| 999 |
_c340617 _d340617 |
||